Most Common French Words - Statistics

General Stats
  • This quiz has been taken 44,000 times
    33,836 since last reset
  • The average score is 42 of 100
Answer Stats
# Word % Correct
13 à
89%
14 a
89%
5 le
82%
1 je
81%
7 la
80%
62
80%
66
77%
82 ou
77%
8 tu
76%
6 vous
75%
2 de
74%
61 ma
74%
11 il
73%
30 me
72%
34 elle
70%
12 et
69%
27 nous
68%
65 es
67%
10 un
65%
96 sa
63%
45 oui
60%
16 les
59%
3 est
58%
17 ce
57%
48 ils
57%
41 te
57%
39 mon
56%
38 non
56%
19 on
56%
40 suis
56%
81 bon
55%
52 se
55%
73 son
55%
9 que
52%
22 ai
51%
21 une
50%
44 va
50%
20 ça
49%
99 ta
48%
42 au
47%
25 moi
45%
15 ne
45%
72 par
45%
24 des
44%
35 si
44%
74 ton
42%
49 as
41%
32 du
41%
18 en
41%
4 pas
41%
23 pour
39%
26 qui
39%
93 deux
38%
50 être
38%
69 sont
38%
46 toi
36%
98 été
35%
29 mais
35%
94 ces
34%
85 ont
34%
28 y
34%
53 comme
33%
43 avec
32%
80 avez
31%
56 quoi
30%
31 dans
28%
97 êtes
28%
71 quand
28%
55 sur
28%
76 vais
28%
33 bien
27%
59 lui
25%
67 votre
25%
91 allez
23%
79 comment
23%
51 faire
23%
47 fait
23%
84 merci
22%
83 très
22%
70 cette
20%
100 fais
20%
60 veux
20%
68 pourquoi
19%
89 voir
19%
37 plus
18%
36 tout
18%
75 peux
16%
58 sais
16%
92 tous
16%
57 ici
15%
63 rien
14%
77 dire
13%
64 dit
13%
78 alors
12%
87 jamais
12%
54 était
10%
88 aussi
9%
90 chose
9%
86 même
8%
95 faut
7%
No matching quizzes found
Score Distribution
Percent of People with Each Score
Percentile by Number Answered
Your Score History
You have not taken this quiz since the last reset